[Event "Benidorm op U2000 13th"]
[Site "Benidorm"]
[Date "2014.12.06"]
[Round "9"]
[White "Martin Ferrer, Silverio"]
[Black "Diaz Benitez, Ricardo"]
[Result "0-1"]
[WhiteElo "1813"]
[BlackElo "1996"]
[PlyCount "44"]
[EventDate "2014.11.28"]
[EventType "swiss"]
[EventRounds "10"]
[EventCountry "ESP"]
[SourceTitle "CBM 163 Extra"]
[Source "ChessBase"]
[SourceDate "2014.12.23"]
[SourceVersion "1"]
[SourceVersionDate "2014.12.23"]
[SourceQuality "1"]

1. c4 c6 2. e4 e5 3. Nf3 Nf6 4. Nc3 Bb4 5. Qc2 0-0 6. Be2 Re8 7. 0-0 d5 8. cxd5 cxd5 9. Nxd5 Nxd5 10. exd5 e4 11. Ne1 Qxd5 12. Qa4 Nc6 13. Nc2 Bd6 14. Qb5 Qe5 15. Qxe5 Nxe5 16. b3 Bg4 17. Bxg4 Nxg4 18. Bb2 Bxh2+ 19. Kh1 Be5 20. Bc3 Rad8 21. Rad1 Bxc3 22. dxc3 Rxd1 0-1

[Event "Benidorm op U2000 13th"]
[Site "Benidorm"]
[Date "2014.12.03"]
[Round "6"]
[White "Vila Cairo, Gerard"]
[Black "Martin Ferrer, Silverio"]
[Result "1/2-1/2"]
[WhiteElo "1995"]
[BlackElo "1813"]
[PlyCount "65"]
[EventDate "2014.11.28"]
[EventType "swiss"]
[EventRounds "10"]
[EventCountry "ESP"]
[SourceTitle "CBM 163 Extra"]
[Source "ChessBase"]
[SourceDate "2014.12.23"]
[SourceVersion "1"]
[SourceVersionDate "2014.12.23"]
[SourceQuality "1"]

1. Nf3 e6 2. d4 Nf6 3. e3 b6 4. Bd3 Ba6 5. c4 Bb4+ 6. Bd2 Bxd2+ 7. Nbxd2 c5 8. 0-0 0-0 9. Qc2 Nc6 10. a3 Qc7 11. Qa4 Bb7 12. Rac1 d6 13. Rfd1 Rfd8 14. Qc2 h6 15. h3 cxd4 16. exd4 Ne7 17. b4 a5 18. b5 Rac8 19. Re1 Ba8 20. a4 Rd7 21. Re3 Qd8 22. g4 Ned5 23. g5 Nxe3 24. fxe3 hxg5 25. Nxg5 Nd5 26. Ndf3 Nxe3 27. Qf2 Nf5 28. Bxf5 exf5 29. Qh4 Bxf3 30. Qh7+ Kf8 31. Nxf3 f6 32. Re1 g6 33. Qh8+ 1/2-1/2

[Event "Provincial-ch Xixona Preferente"]
[Site "Xixona"]
[Date "2012.11.10"]
[Round "5"]
[White "Martin Ferrer, Silverio"]
[Black "Gomez Maestro, Gustavo"]
[Result "1-0"]
[WhiteElo "1799"]
[BlackElo "1668"]
[PlyCount "71"]
[EventDate "2012.10.06"]
[EventType "swiss"]
[EventRounds "7"]
[EventCountry "ESP"]
[SourceTitle "EXT 2024"]
[Source "ChessBase"]
[SourceDate "2023.10.10"]
[SourceVersion "1"]
[SourceVersionDate "2023.10.10"]
[SourceQuality "1"]

1. e4 e6 2. d4 d5 3. Nc3 Nf6 4. e5 Nfd7 5. f4 c5 6. Nf3 Nc6 7. Be3 a6 8. Qd2 b5 9. a3 Bb7 10. dxc5 Bxc5 11. Bxc5 Nxc5 12. Rd1 Qc7 13. Qe3 Qe7 14. b4 Nd7 15. Bd3 0-0 16. 0-0 f6 17. Nd4 Nxd4 18. Qxd4 Rac8 19. Ne2 fxe5 20. fxe5 Qg5 21. Nf4 Qxe5 22. Qxe5 Nxe5 23. Nxe6 Rxf1+ 24. Rxf1 Nxd3 25. cxd3 Re8 26. Nc5 Bc8 27. Kf2 d4 28. Re1 Rf8+ 29. Kg3 g6 30. Re7 a5 31. bxa5 Bf5 32. a6 h5 33. a7 g5 34. h4 gxh4+ 35. Kxh4 Bg4 36. Rb7 1-0

[Event "Provincial-ch Xixona Preferente"]
[Site "Xixona"]
[Date "2012.10.06"]
[Round "1"]
[White "Martin Ferrer, Silverio"]
[Black "Domene Corral, Jose Luis"]
[Result "1-0"]
[WhiteElo "1799"]
[BlackElo "1348"]
[PlyCount "81"]
[EventDate "2012.10.06"]
[EventType "swiss"]
[EventRounds "7"]
[EventCountry "ESP"]
[SourceTitle "EXT 2024"]
[Source "ChessBase"]
[SourceDate "2023.10.10"]
[SourceVersion "1"]
[SourceVersionDate "2023.10.10"]
[SourceQuality "1"]

1. e4 d6 2. d4 Nf6 3. Nc3 g6 4. Be3 Bg7 5. Qd2 0-0 6. h4 Ng4 7. Bg5 f6 8. Bf4 e5 9. Bc4+ Kh8 10. Bg3 exd4 11. Nb5 a6 12. Nxd4 Ne5 13. Bb3 Qe7 14. h5 gxh5 15. 0-0-0 c5 16. Bxe5 dxe5 17. Nf5 Bxf5 18. exf5 Nc6 19. c3 Rfd8 20. Qe2 Bh6+ 21. Kb1 Rxd1+ 22. Qxd1 h4 23. Rxh4 Qg7 24. Rg4 Qe7 25. Nf3 b5 26. Qh1 Bg5 27. Nxg5 fxg5 28. Qh6 Qd7 29. Qf6+ Qg7 30. Qxc6 Rf8 31. Qxc5 Rxf5 32. Qc8+ Rf8 33. Qxa6 Qd7 34. Rxg5 Qd3+ 35. Kc1 Qf1+ 36. Bd1 Qxf2 37. Qd6 Qf4+ 38. Qd2 Qf6 39. Qe3 Rd8 40. Rh5 Qd6 41. Qg5 1-0